<?xml version="1.0" encoding="UTF-8"?>
<record
    xmlns:xsi="http://www.w3.org/2001/XMLSchema-instance"
    xsi:schemaLocation="http://www.loc.gov/MARC21/slim http://www.loc.gov/standards/marcxml/schema/MARC21slim.xsd"
    xmlns="http://www.loc.gov/MARC21/slim">

  <leader>01404nam a22002657a 4500</leader>
  <controlfield tag="005">20090304110043.0</controlfield>
  <controlfield tag="008">090212t        xxu||||| |||| 00| 0 eng d</controlfield>
  <datafield tag="010" ind1=" " ind2=" ">
    <subfield code="a">TEL-5039</subfield>
  </datafield>
  <datafield tag="020" ind1=" " ind2=" ">
    <subfield code="c">Rs.50.00</subfield>
  </datafield>
  <datafield tag="035" ind1=" " ind2=" ">
    <subfield code="a">TL-4045</subfield>
  </datafield>
  <datafield tag="037" ind1=" " ind2=" ">
    <subfield code="b">DBAD / PUB</subfield>
  </datafield>
  <datafield tag="040" ind1=" " ind2=" ">
    <subfield code="a">dpl</subfield>
    <subfield code="b">Telugu</subfield>
  </datafield>
  <datafield tag="082" ind1=" " ind2=" ">
    <subfield code="a">133.59254</subfield>
  </datafield>
  <datafield tag="100" ind1=" " ind2=" ">
    <subfield code="a">&#xC35;&#xC46;&#xC02;&#xC15;&#xC1F; &#xC30;&#xC3E;&#xC2E;&#xC28;&#xC4D;, &#xC2C;&#xC46;&#xC02;&#xC17;&#xC41;&#xC33;&#xC42;&#xC30;&#xC41;</subfield>
  </datafield>
  <datafield tag="245" ind1=" " ind2=" ">
    <subfield code="a">&#xC2D;&#xC3E;&#xC30;&#xC24;&#xC40;&#xC2F; &#xC1C;&#xC4D;&#xC2F;&#xC4B;&#xC24;&#xC3F;&#xC37; &#xC38;&#xC30;&#xC4D;&#xC35;&#xC38;&#xC4D;&#xC35;&#xC2E;&#xC41; /</subfield>
    <subfield code="c">&#xC2C;&#xC46;&#xC02;&#xC17;&#xC41;&#xC33;&#xC42;&#xC30;&#xC41; &#xC35;&#xC46;&#xC02;&#xC15;&#xC1F; &#xC30;&#xC3E;&#xC2E;&#xC28;&#xC4D; ; &#xC24;&#xC46;&#xC32;&#xC41;&#xC17;&#xC41; &#xC05;&#xC28;&#xC41;&#xC35;&#xC3E;&#xC26;&#xC02; &#xC2A;&#xC41;&#xC1A;&#xC4D;&#xC1A;&#xC3E;  &#xC36;&#xC4D;&#xC30;&#xC40;&#xC28;&#xC3F;&#xC35;&#xC3E;&#xC38; &#xC30;&#xC3E;&#xC35;&#xC41;</subfield>
  </datafield>
  <datafield tag="246" ind1=" " ind2=" ">
    <subfield code="a">Bharatiya jyotisha sarvasvam</subfield>
    <subfield code="b">Bangalore venkat raman; translated by Puchcha sreenivasa rao</subfield>
  </datafield>
  <datafield tag="260" ind1=" " ind2=" ">
    <subfield code="a">&#xC35;&#xC3F;&#xC1C;&#xC2F;&#xC35;&#xC3E;&#xC21;</subfield>
    <subfield code="b">&#xC0B;&#xC37;&#xC3F; &#xC2A;&#xC4D;&#xC30;&#xC1A;&#xC41;&#xC30;&#xC23;&#xC32;&#xC41;</subfield>
    <subfield code="c">2007</subfield>
  </datafield>
  <datafield tag="270" ind1=" " ind2=" ">
    <subfield code="a">&#xC2E;&#xC46;&#xC2F;&#xC3F;&#xC28;&#xC4D; &#xC30;&#xC4B;&#xC21;&#xC4D;, &#xC39;&#xC28;&#xC41;&#xC2E;&#xC3E;&#xC28;&#xC4D; &#xC2A;&#xC47;&#xC1F;  </subfield>
    <subfield code="b">&#xC35;&#xC3F;&#xC1C;&#xC2F;&#xC35;&#xC3E;&#xC21;</subfield>
    <subfield code="e">520 003</subfield>
  </datafield>
  <datafield tag="300" ind1=" " ind2=" ">
    <subfield code="a">144&#xC2A;&#xC47;.</subfield>
    <subfield code="c">23 &#xC38;&#xC46;.&#xC2E;&#xC40;.</subfield>
  </datafield>
  <datafield tag="490" ind1=" " ind2=" ">
    <subfield code="a">&#xC21;&#xC3E;&#xC15;&#xC4D;&#xC1F;&#xC30;&#xC4D; &#xC2C;&#xC3F;.&#xC35;&#xC3F;.&#xC30;&#xC3E;&#xC2E;&#xC28;&#xC4D; &#xC1C;&#xC4D;&#xC2F;&#xC4B;&#xC24;&#xC3F;&#xC37; &#xC17;&#xC4D;&#xC30;&#xC02;&#xC25;&#xC3E;&#xC35;&#xC33;&#xC3F;</subfield>
  </datafield>
  <datafield tag="650" ind1=" " ind2=" ">
    <subfield code="a">&#xC2D;&#xC3E;&#xC30;&#xC24;&#xC40;&#xC2F; &#xC1C;&#xC4D;&#xC2F;&#xC4B;&#xC24;&#xC3F;&#xC37;&#xC2E;&#xC41;</subfield>
  </datafield>
  <datafield tag="650" ind1=" " ind2=" ">
    <subfield code="a">Hindu astrology</subfield>
  </datafield>
  <datafield tag="942" ind1=" " ind2=" ">
    <subfield code="2">ddc</subfield>
    <subfield code="c">TL</subfield>
    <subfield code="h">133.59254</subfield>
    <subfield code="m">/ VEN</subfield>
  </datafield>
  <datafield tag="999" ind1=" " ind2=" ">
    <subfield code="c">24737</subfield>
    <subfield code="d">24737</subfield>
  </datafield>
  <datafield tag="952" ind1=" " ind2=" ">
    <subfield code="0">0</subfield>
    <subfield code="1">0</subfield>
    <subfield code="2">ddc</subfield>
    <subfield code="4">0</subfield>
    <subfield code="7">0</subfield>
    <subfield code="a">DBAD</subfield>
    <subfield code="b">DBAD</subfield>
    <subfield code="d">2009-03-04</subfield>
    <subfield code="g">50.00</subfield>
    <subfield code="l">0</subfield>
    <subfield code="o">133.59254 / VEN</subfield>
    <subfield code="p">TL-4045</subfield>
    <subfield code="r">2009-03-04 00:00:00</subfield>
    <subfield code="v">50.00</subfield>
    <subfield code="w">2009-03-04</subfield>
    <subfield code="y">TL</subfield>
  </datafield>
</record>
